[Event "Guimaraes 2nd"]
[Site "Guimaraes"]
[Date "2018.10.06"]
[Round "5"]
[White "Represa Perez, Mireya"]
[Black "Barbosa, Paulo Jorge Pereira"]
[Result "1-0"]
[WhiteElo "2151"]
[BlackElo "1982"]
[PlyCount "47"]
[EventDate "2018.10.04"]
[EventType "swiss"]
[EventRounds "7"]
[EventCountry "POR"]
[SourceTitle "CBM 186 Extra"]
[Source "ChessBase"]
[SourceDate "2018.08.24"]
[SourceVersion "1"]
[SourceVersionDate "2018.08.24"]
[SourceQuality "1"]

1. e4 c5 2. Nf3 g6 3. c3 d5 4. e5 Bg7 5. d4 cxd4 6. cxd4 Nc6 7. Bb5 Bd7 8. Nc3 a6 9. Bxc6 Bxc6 10. 0-0 h6 11. e6 Bf6 12. Qd3 Qd6 13. exf7+ Kxf7 14. Re1 e6 15. Ne5+ Bxe5 16. Rxe5 Re8 17. Bf4 Qd8 18. Rae1 Nf6 19. R5e3 Kg7 20. Rg3 Ne4 21. Nxe4 dxe4 22. Rxe4 Kh7 23. Re5 Qf6 24. Rh5 1-0

[Event "Guimaraes 2nd"]
[Site "Guimaraes"]
[Date "2018.10.05"]
[Round "3"]
[White "Ribeiro, Gustavo"]
[Black "Barbosa, Paulo Jorge Pereira"]
[Result "0-1"]
[WhiteElo "1467"]
[BlackElo "1982"]
[PlyCount "72"]
[EventDate "2018.10.04"]
[EventType "swiss"]
[EventRounds "7"]
[EventCountry "POR"]
[SourceTitle "CBM 186 Extra"]
[Source "ChessBase"]
[SourceDate "2018.08.24"]
[SourceVersion "1"]
[SourceVersionDate "2018.08.24"]
[SourceQuality "1"]

1. e4 c5 2. Nf3 g6 3. c3 d5 4. exd5 Qxd5 5. d4 Nf6 6. Be3 cxd4 7. cxd4 Bg7 8. Nc3 Qa5 9. Bc4 0-0 10. 0-0 a6 11. Ne5 e6 12. g4 b5 13. Bb3 Bb7 14. h4 Nbd7 15. f4 Nxe5 16. fxe5 Nd5 17. Nxd5 Bxd5 18. Bxd5 exd5 19. Qf3 Qd8 20. Bg5 Qd7 21. Kh2 Rac8 22. Rac1 Qe6 23. Bf6 Bxf6 24. exf6 Qd6+ 25. Qg3 Qb4 26. Qf2 Qd6+ 27. Qg3 Qb4 28. Qf2 Rfe8 29. Rfe1 Qd6+ 30. Qg3 Qxf6 31. Rxc8 Rxc8 32. Rd1 Rc2+ 33. Kh3 h5 34. Rb1 Rf2 35. Qe5 Qf3+ 36. Qg3 hxg4# 0-1

[Event "Bois Gentil op"]
[Site "Geneve"]
[Date "2017.02.10"]
[Round "5"]
[White "Barbosa, Paulo Jorge Pereira"]
[Black "Broome, Jeremy"]
[Result "1-0"]
[WhiteElo "1982"]
[BlackElo "1738"]
[PlyCount "79"]
[EventDate "2017.01.13"]
[EventType "swiss"]
[EventRounds "7"]
[EventCountry "SUI"]
[SourceTitle "EXT 2018"]
[Source "ChessBase"]
[SourceDate "2017.10.13"]
[SourceVersion "1"]
[SourceVersionDate "2017.10.13"]
[SourceQuality "1"]

1. c4 c6 2. e4 d5 3. exd5 cxd5 4. cxd5 Nf6 5. Nc3 Nxd5 6. Nf3 a6 7. Qa4+ Bd7 8. Qb3 Nxc3 9. bxc3 Qc7 10. Ba3 Be6 11. Qa4+ Nc6 12. Bc4 Bxc4 13. Qxc4 b5 14. Qe4 Rc8 15. 0-0 e6 16. Bxf8 Kxf8 17. a4 Qd7 18. axb5 axb5 19. Rfb1 Rb8 20. Ne5 Nxe5 21. Qxe5 Ke7 22. Qg5+ Kf8 23. Qc5+ Qe7 24. Qe5 Rd8 25. Rxb5 f6 26. Qe3 Kf7 27. h3 Rd7 28. Rba5 Rhd8 29. Ra7 e5 30. Rxd7 Rxd7 31. f4 e4 32. g4 Rd3 33. Ra7 Rxe3 34. Rxe7+ Kxe7 35. dxe3 Kd6 36. Kf2 Kd5 37. Ke2 Kc4 38. Kd2 Kb3 39. f5 Kb2 40. c4 1-0

[Event "Bois Gentil op"]
[Site "Geneve"]
[Date "2015.02.20"]
[Round "6"]
[White "Schmid, Pablo"]
[Black "Barbosa, Paulo Jorge Pereira"]
[Result "0-1"]
[WhiteElo "2163"]
[BlackElo "1906"]
[PlyCount "148"]
[EventDate "2015.01.09"]
[EventType "swiss"]
[EventRounds "7"]
[EventCountry "SUI"]
[SourceTitle "EXT 2016"]
[Source "ChessBase"]
[SourceDate "2015.10.08"]
[SourceVersion "1"]
[SourceVersionDate "2015.10.08"]
[SourceQuality "1"]

1. d4 Nf6 2. Nf3 b6 3. Bf4 Bb7 4. e3 g6 5. Be2 Bg7 6. 0-0 0-0 7. h3 d6 8. a4 a5 9. Bh2 Nbd7 10. c4 Ne4 11. Nfd2 e5 12. Nxe4 Bxe4 13. d5 Bxb1 14. Qxb1 f5 15. f3 Nc5 16. Ra3 Qd7 17. Bd1 Rae8 18. Bc2 Qe7 19. Kh1 e4 20. f4 Qf6 21. Ra2 Na6 22. g4 Qh4 23. gxf5 gxf5 24. Rg1 Rf6 25. Ra1 Nb4 26. Rg3 Rg6 27. Kg2 Kf7 28. Bd1 Rg8 29. Rxg6 hxg6 30. Bg3 Qh7 31. Be2 Rh8 32. Qh1 Nc2 33. Ra3 Nxa3 34. bxa3 Bb2 35. Qb1 Qg7 36. h4 Qc3 37. Bf2 Qxa3 38. Qc2 Bf6 39. Kh3 Qb2 40. Qd1 Qa1 41. Qxa1 Bxa1 42. Be1 Ke7 43. Bd1 Bb2 44. Be2 Bc1 45. Bc3 Rg8 46. Bd4 Ba3 47. Bc3 Bb4 48. Bb2 Bc5 49. Bc1 Rh8 50. Kg3 Bb4 51. h5 gxh5 52. Bf1 Be1+ 53. Kh2 Bc3 54. Bh3 Kf6 55. Kg2 Rg8+ 56. Kf2 Rc8 57. Ke2 Rg8 58. Kf2 h4 59. Bg2 Rg3 60. Bh1 Kg6 61. Bg2 Kh5 62. Bf1 Rf3+ 63. Kg1 Rxf1+ 64. Kxf1 Kg4 65. Kg2 h3+ 66. Kh2 Be1 67. Bb2 Bg3+ 68. Kh1 Kf3 69. Bd4 Bf2 70. Bf6 Bxe3 71. Bd8 Bc5 72. Bxc7 e3 73. Bd8 e2 74. Bh4 Bf2 0-1

[Event "Bois Gentil op"]
[Site "Geneve"]
[Date "2015.02.06"]
[Round "5"]
[White "Degove, Christophe"]
[Black "Barbosa, Paulo Jorge Pereira"]
[Result "0-1"]
[WhiteElo "1829"]
[BlackElo "1906"]
[PlyCount "92"]
[EventDate "2015.01.09"]
[EventType "swiss"]
[EventRounds "7"]
[EventCountry "SUI"]
[SourceTitle "EXT 2016"]
[Source "ChessBase"]
[SourceDate "2015.10.08"]
[SourceVersion "1"]
[SourceVersionDate "2015.10.08"]
[SourceQuality "1"]

1. d4 Nf6 2. c4 e6 3. Nf3 b6 4. g3 Bb7 5. Bg2 Be7 6. Nc3 Ne4 7. Qc2 Nxc3 8. Qxc3 0-0 9. 0-0 f5 10. b3 d6 11. Bb2 Bf6 12. Rad1 Qe8 13. Qc1 Nd7 14. Qa1 Be4 15. e3 g5 16. Rd2 h5 17. Rc1 Qg6 18. c5 bxc5 19. dxc5 Bxb2 20. Qxb2 Nxc5 21. Qd4 a5 22. Rdd1 Rfd8 23. Qc3 Rdb8 24. Ne5 Qg7 25. Nc6 Qxc3 26. Rxc3 Bxg2 27. Kxg2 Rb6 28. Nd4 g4 29. f3 gxf3+ 30. Kxf3 Kf7 31. Rdc1 Kf6 32. Ke2 a4 33. Rb1 axb3 34. axb3 Ra2+ 35. Nc2 e5 36. b4 Ne4 37. Rc4 d5 38. Rxe4 dxe4 39. Kd1 c5 40. b5 Ra5 41. Kd2 Raxb5 42. Ra1 Rd6+ 43. Kc3 Rd3+ 44. Kc4 Rb2 45. Ne1 Rxe3 46. Kxc5 Rbe2 0-1

[Event "POR-chT 49th"]
[Site "Evora"]
[Date "2007.07.30"]
[Round "3"]
[White "Khamrakulov, Ibragim S"]
[Black "Barbosa, Paulo Jorge Pereira"]
[Result "1-0"]
[WhiteElo "2592"]
[BlackElo "1892"]
[PlyCount "65"]
[EventDate "2007.07.28"]
[EventType "team"]
[EventRounds "9"]
[EventCountry "POR"]
[SourceTitle "CBM 119 Extra"]
[Source "ChessBase"]
[SourceDate "2007.09.04"]
[SourceVersion "1"]
[SourceVersionDate "2007.09.04"]
[SourceQuality "1"]

1. e4 c5 2. Nf3 e6 3. c3 d5 4. exd5 Qxd5 5. Na3 Nf6 6. d4 cxd4 7. Nb5 Na6 8. Qxd4 Qxd4 9. Nfxd4 Nd5 10. Bc4 Bc5 11. 0-0 0-0 12. Nb3 Bb6 13. a4 Bd7 14. Rd1 Bc6 15. N5d4 Nc5 16. Nxc6 Nxb3 17. Ne7+ Nxe7 18. Bxb3 Rfd8 19. Bg5 Kf8 20. a5 Bc7 21. Be3 Rxd1+ 22. Bxd1 Nf5 23. Bc1 Rd8 24. Bf3 Nh4 25. Be2 Rd5 26. b4 Be5 27. Ra3 Bd6 28. Kf1 Be7 29. a6 b6 30. Be3 Nf5 31. Bxb6 Rd2 32. Bxa7 Rc2 33. Be3 1-0

[Event "POR-chT 49th"]
[Site "Evora"]
[Date "2007.07.29"]
[Round "2"]
[White "Oliveira, Luis"]
[Black "Barbosa, Paulo Jorge Pereira"]
[Result "1-0"]
[WhiteElo "2145"]
[BlackElo "1892"]
[PlyCount "51"]
[EventDate "2007.07.28"]
[EventType "team"]
[EventRounds "9"]
[EventCountry "POR"]
[SourceTitle "CBM 119 Extra"]
[Source "ChessBase"]
[SourceDate "2007.09.04"]
[SourceVersion "1"]
[SourceVersionDate "2007.09.04"]
[SourceQuality "1"]

1. e4 c5 2. Nf3 Nc6 3. Nc3 e6 4. d4 cxd4 5. Nxd4 Qb6 6. Ndb5 Bc5 7. Qd2 a6 8. Na4 Bxf2+ 9. Kd1 Qa5 10. Nd6+ Ke7 11. Qxf2 Qxa4 12. Nxf7 Nf6 13. Nxh8 Nxe4 14. Qf7+ Kd8 15. Bd3 Qd4 16. Qf8+ Kc7 17. Qf4+ Nd6 18. Nf7 Qxf4 19. Bxf4 e5 20. Nxe5 Nxe5 21. Bxe5 g6 22. Rf1 Kc6 23. Bxd6 Kxd6 24. Rf7 b5 25. Be4 Ra7 26. Rxh7 1-0

[Event "Braga district-ch"]
[Site "Braga"]
[Date "2006.05.26"]
[Round "3"]
[White "Barbosa, Paulo Jorge Pereira"]
[Black "Pires, Miguel"]
[Result "1-0"]
[WhiteElo "1830"]
[BlackElo "1536"]
[PlyCount "99"]
[EventDate "2006.05.19"]
[EventType "swiss"]
[EventRounds "9"]
[EventCountry "POR"]
[SourceTitle "EXT 2008"]
[Source "ChessBase"]
[SourceDate "2007.11.25"]
[SourceVersion "1"]
[SourceVersionDate "2007.11.25"]
[SourceQuality "1"]

1. Nf3 c5 2. e3 d6 3. d4 cxd4 4. exd4 Nf6 5. Bb5+ Bd7 6. Qe2 a6 7. Bxd7+ Nbxd7 8. 0-0 g6 9. Nc3 Bg7 10. Re1 e6 11. Bf4 Nb6 12. d5 Nfxd5 13. Nxd5 Nxd5 14. Bg5 Nf6 15. Red1 0-0 16. Ne5 Qc7 17. Nc4 d5 18. Ne5 Ne4 19. Bf4 Bxe5 20. Bxe5 Qxe5 21. f3 Qxb2 22. fxe4 Qb6+ 23. Kh1 dxe4 24. Qxe4 Rac8 25. h3 Qc6 26. Qb4 Rfd8 27. Qe7 Rxd1+ 28. Rxd1 Qxc2 29. Rd8+ Rxd8 30. Qxd8+ Kg7 31. Qd4+ Kh6 32. Qh4+ Kg7 33. Qd4+ f6 34. Qd7+ Kh6 35. Qxe6 Qc1+ 36. Kh2 Qc7+ 37. Kh1 f5 38. Qf6 Qg3 39. Qf8+ Kh5 40. Qg7 h6 41. Qxb7 Qe1+ 42. Kh2 Qe5+ 43. Kh1 Qa1+ 44. Kh2 Qxa2 45. Qf3+ Kg5 46. Qe3+ Kf6 47. Qxh6 Qf7 48. Qh8+ Kg5 49. h4+ Kg4 50. Qd8 1-0

[Event "CFriend AP-2004-Q-00004 email"]
[Site "Chessfriend.com"]
[Date "2004.02.04"]
[Round "?"]
[White "Myers, David Robert"]
[Black "Barbosa, Paulo Jorge Pereira"]
[Result "1-0"]
[WhiteElo "2300"]
[BlackElo "1800"]
[PlyCount "37"]
[EventDate "2004.??.??"]
[EventType "tourn (corr)"]
[EventRounds "12"]
[SourceTitle "Corr 2008"]
[Source "ChessBase"]
[SourceDate "2008.06.24"]
[SourceVersion "1"]
[SourceVersionDate "2008.06.24"]
[SourceQuality "1"]

1. d4 Nf6 2. c4 e6 3. Nf3 Bb4+ 4. Nbd2 d5 5. Qa4+ Nc6 6. e3 0-0 7. Bd3 dxc4 8. Bxc4 Bd6 9. 0-0 e5 10. dxe5 Nxe5 11. Nxe5 Bxe5 12. Nf3 Bd6 13. b3 Bd7 14. Bb5 a6 15. Bxd7 Qxd7 16. Qxd7 Nxd7 17. Bb2 Rfe8 18. Rfd1 f6 19. Rd5 1-0